Nová realita - Industry 4.0
Podstata a komponenty Industry 4.0. Prínosy a riziká Industry 4.0. Vplyv Industry 4.0 na ľudské zdroje. Iniciatívy podporujúce Industry 4.0.
Saved in:
| Main Author: | |
|---|---|
| Format: | Book Chapter |
| Language: | Slovak |
| Subjects: | |
| Tags: |
No Tags, Be the first to tag this record!
|
MARC
| LEADER | 00000naa$a2200000$$$4500 | ||
|---|---|---|---|
| 001 | 0260446 | ||
| 005 | 20240502074126.6 | ||
| 041 | 0 | |a slo | |
| 044 | |a SK | ||
| 245 | 1 | 0 | |a Nová realita - Industry 4.0 |c Eliška Záležáková |
| 520 | |a Podstata a komponenty Industry 4.0. Prínosy a riziká Industry 4.0. Vplyv Industry 4.0 na ľudské zdroje. Iniciatívy podporujúce Industry 4.0. | ||
| 610 | 2 | 0 | |a revolúcia priemyselná |
| 610 | 2 | 0 | |a technológie nové |
| 610 | 2 | 0 | |a robotizácia |
| 610 | 2 | 0 | |a internet vecí |
| 610 | 2 | 0 | |a zdroje ľudské |
| 100 | 1 | |a Záležáková, Eliška | |